Nghiệp vụ ngân hàng thương mại Lý thuyết, bài tập và bài giải : Dành cho sinh viên chuyên ngành: Tài chính, ngân hàng, chứng khoán

Trình bày: Tổng quan về hoạt động của ngân hàng thương mại, nghiệp vụ huy động vốn và cấp tín dụng doanh nghiệp, nghiệp vụ quản lý rủi ro và các nghiệp vụ ngân hàng khác.; TM tài liệu tham khảo tr.827-831

Đã lưu trong:
書目詳細資料
主要作者: Nguyễn, Minh Kiều
其他作者: Trường Đại học Kinh tế Tp.Hồ Chí Minh
格式: 圖書
語言:Undetermined
出版: H. Lao động - Xã hội 2012
主題:
在線閱讀:http://lrc.tdmu.edu.vn/opac/search/detail.asp?aID=2&ID=17513
標簽: 添加標簽
沒有標簽, 成為第一個標記此記錄!
Thư viện lưu trữ: Trung tâm Học liệu Trường Đại học Thủ Dầu Một
LEADER 01246nam a2200229Ia 4500
001 TDMU_17513
008 210410s9999 xx 000 0 und d
082 |a 332.12 
090 |b NG527 
100 |a Nguyễn, Minh Kiều 
245 0 |a Nghiệp vụ ngân hàng thương mại 
245 0 |b Lý thuyết, bài tập và bài giải : Dành cho sinh viên chuyên ngành: Tài chính, ngân hàng, chứng khoán 
245 0 |c Nguyễn Minh Kiều 
260 |a H. 
260 |b Lao động - Xã hội 
260 |c 2012 
300 |a 861tr. 
520 |a Trình bày: Tổng quan về hoạt động của ngân hàng thương mại, nghiệp vụ huy động vốn và cấp tín dụng doanh nghiệp, nghiệp vụ quản lý rủi ro và các nghiệp vụ ngân hàng khác.; TM tài liệu tham khảo tr.827-831 
650 |a Ngân hàng thương mại; Nghiệp vụ ngân hàng; Ngân hàng và hoạt động ngân hàng 
700 |a Trường Đại học Kinh tế Tp.Hồ Chí Minh 
856 |u http://lrc.tdmu.edu.vn/opac/search/detail.asp?aID=2&ID=17513 
980 |a Trung tâm Học liệu Trường Đại học Thủ Dầu Một